Statistics for Sam and cat quiz

Click here to take the quiz!

General Stats

  • This quiz has been taken 1,183 times
  • The average score is 3 of 10

Answer Stats

HintAnswer% Correct
What does Cat call her Grandmother?Nona
93%
What is the name of Goomers manager?Dice
85%
What food does Sam love?Fried Chicken
39%
What was Sam and Cats favourite TV show?Thats A Drag
25%
What were the names of the British girls who Sam and Cat babysitted?Gwen and Ruby
22%
What was the name of Ellies teddy bear?Poober
20%
What uncle did Goomer want to be called when Sam and Cat got a goat?Uncle Fudge
20%
What is the name of the company that delivered the girls things with drones?Zapathon
16%
What did Sam find behind her wardrobe?A secret safe
4%
Where did Sam and Cat secretly keep their money?In a fake pinapple
0%

Score Distribution

Percentile by Number Answered

Percent of People with Each Score

Your Score History

You have not taken this quiz